000 00548nam a2200193Ia 4500
008 191130s1996##################000#0#eng##
020 _a9780333610831
040 _aACL
_cACL
082 _a307.760 JAC
245 _aTowns in Tudor & Stuart Britain
_cSybil M Jack ; general editor Jeremy Black
260 _aLondon
_bMacmillan
_cc1996
300 _axix, 236 p. ; 23 cm.
500 _aIncludes Index
650 _aSocial Science
700 _aJack, Sybil M
990 _aa58f8a01ac10000c56ce7a0a68c2fe33
991 _a217631
999 _c81297
_d81297